Алеко Константинов (Запис номер 57721)
[ съкратено ]
| 000 -Лидер | |
|---|---|
| Контролно поле с фиксирана дължина | 01642nam a2200373 c 4500 |
| 003 - Код на организацията, давaща контролен номер | |
| Контролно поле | BLK |
| 005 - Дата и час на последна редакция | |
| Контролно поле | 20240704005335.0 |
| 008 - Елементи от данни с фиксирана дължина | |
| fixed length control field | 180408b bul|||||r ||||||| ||bul|| |
| 010 ## - Наследен системен номер | |
| LC control number | KNG00061729000 |
| 040 ## - Източник на каталожния запис | |
| Идентификатор на билиотеката - собственик на записа | BLK |
| 041 ## - Код за език | |
| Код за езика на текст/звукозапис или на отделно заглавие | Български |
| Код за езика КДБФ | Български |
| 080 ## - УДК | |
| Текстов определител УДК | Българска литература |
| УДК код - определител по УДК | 821.163.2 |
| УДК определител | .09(092) |
| УДК - код + определител | 821.163.2.09(092) |
| 080 ## - УДК | |
| Текстов определител УДК | Български писател, адвокат и общественик (1863-1897) |
| УДК код - определител по УДК | 929 Константинов, Алеко Иваницов |
| УДК - код + определител | 929 Константинов, Алеко Иваницов |
| 100 1# - Редна дума - Автор | |
| Автор | Тотев, Петко |
| Авторска отговорност | първи автор |
| R(LIN) | 365669 |
| 139 ## - Редно поле | |
| Редна дума | Тотев, Петко |
| Авторски знак | Констан - К 82 |
| 245 10 - Сведения за заглавието | |
| Заглавие | Алеко Константинов |
| Подзаглавни данни | Творч. портр. |
| Редно поле (дума) | Петко Тотев; ил. Борис Ангелушев. |
| 257 ## - Страна на издаване | |
| Страна на създаване/издаване | България |
| 260 ## - Област на издателските данни | |
| Име на издателя, разпространителя и проч. | Нар. просв. |
| Година на издаване | 1977 |
| Печатница | В. Търново : Д. Найденов |
| Място на издаване, разпространение и проч. | София |
| 300 ## - Физическа характеристика | |
| Страници | 120 с., 8 л. |
| Илюстрации и др. | ил. |
| Размери/Мащаб | 20 см |
| 380 ## - Жанр | |
| Жанр | Езикознание. Филология |
| 490 ## - СЕРИИ (Колекции) | |
| Име на серия | Библиотека Творчески портрети |
| 9 (RLIN) | 203460 |
| 500 ## - Общи забележки | |
| Забележка | Пълното име на авт. е Петко Тотев Петков |
| 650 #4 - Допълнително описание по предмет – тема | |
| Основно описание – тема или топоним | Българска литература |
| 9 (RLIN) | 243597 |
| 653 ## - Ключова дума – ненормативна | |
| Ключова дума | български писатели |
| 653 ## - Ключова дума – ненормативна | |
| Ключова дума | Алеко Константинов |
| 700 1# - Други автори (авторска отговорност) | |
| Лично име | Ангелушев, Борис |
| Автороска отговорност (Описва отношението между автора и произведението) | ил. |
| 9 (RLIN) | 270421 |
| 852 ## - Местоположение | |
| Форматна сигнатура | Цб 88988 |
| 856 4# - Електронен адрес и достъп | |
| Електронен формат | pdf - файл |
| Инструкция (цена за достъп) | 0.00 |
| Права за достъп | disable |
| 856 4# - Електронен адрес и достъп | |
| Електронен формат | pdf - файл |
| Инструкция (цена за достъп) | 0.00 |
| Права за достъп | disable |
| 999 ## - СИСТЕМНИ КОНТРОЛНИ НОМЕРА | |
| Koha biblionumber | 57721 |
| Koha biblioitemnumber | 57721 |
| 942 ## - АРТИКУЛИ | |
| Вид на библиотечния материал | Книги |
| Скрит в OPAC | Не |
| Периодичен библиозапис | Да |
| 944 ## - СЪЗДАВАНЕ И РЕДАКЦИЯ на ЗАПИСА | |
| Създаване/Редакция | Създаване |
| Дата на регистрацията/редакция | 13.06.2004 |
| Служител, извършил регистрацията/редакцията | |
| Статус, дата на статуса | CRON CRON |
| 944 ## - СЪЗДАВАНЕ И РЕДАКЦИЯ на ЗАПИСА | |
| Създаване/Редакция | Редакция |
| Дата на регистрацията/редакция | 08.10.2015 |
| Служител, извършил регистрацията/редакцията | Геновева_Генчева |
| 999 ## - СИСТЕМНИ КОНТРОЛНИ НОМЕРА | |
| Koha biblioitemnumber | 57721 |
| Код за отписване | Код за изгубен артикул | Източник на класификационната схема | Код за повреда | Коз за рестрикции | Код за отдаване | Артикулен № | Име на библиотеката - собственик | Име на библиотеката, в която се намира в момента | Статус (Текущо местоположение) | Дата на вписване в системата | Местоположение - отдел | Цена в лева | Инвентарен номер | Систематично азбучна сигнатура | Баркод | Номер на екземпляра | Цена в евро | Служебна бележка | Служебен тип на артикула |
|---|---|---|---|---|---|---|---|---|---|---|---|---|---|---|---|---|---|---|---|
| Изтеглен | Не е изгубен | Universal Decimal Classification | Не е повреден | без рестрикции | заемане за дома | 94064 | Регионална библиотека "Любен Каравелов" Русе | Регионална библиотека "Любен Каравелов" Русе | Заемна - подръчен фонд | 1977-01-01 | Заемна - подръчен фонд | 0.44 | 245084 | П 886.7/К 82 | 245084 | 1 | 0.22 | Дост: Pk Вид: Ф N: стар фонд Дата: 01.01.1977 | Книги |
| Изтеглен | Не е изгубен | Universal Decimal Classification | Не е повреден | без рестрикции | заемане за дома | 94065 | Регионална библиотека "Любен Каравелов" Русе | Регионална библиотека "Любен Каравелов" Русе | Заемна - подръчен фонд | 1977-01-01 | Заемна - подръчен фонд | 0.44 | 245086 | П 886.7/К 82 | 245086 | 2 | 0.22 | Дост: Pk Вид: Ф N: стар фонд Дата: 01.01.1977 | Книги |
| Изтеглен | Не е изгубен | Universal Decimal Classification | Не е повреден | без рестрикции | заемане за дома | 94066 | Регионална библиотека "Любен Каравелов" Русе | Регионална библиотека "Любен Каравелов" Русе | Заемна - подръчен фонд | 1977-01-01 | Заемна - подръчен фонд | 0.44 | 245088 | П 886.7/К 82 | 245088 | 3 | 0.22 | Дост: Pk Вид: Ф N: стар фонд Дата: 01.01.1977 | Книги |
| Изтеглен | Не е изгубен | Universal Decimal Classification | Не е повреден | без рестрикции | заемане за дома | 94067 | Регионална библиотека "Любен Каравелов" Русе | Регионална библиотека "Любен Каравелов" Русе | Заемна - подръчен фонд | 1977-01-01 | Заемна - подръчен фонд | 0.44 | 245089 | П 886.7/К 82 | 245089 | 4 | 0.22 | Дост: Pk Вид: Ф N: стар фонд Дата: 01.01.1977 | Книги |
| Изтеглен | Не е изгубен | Universal Decimal Classification | Не е повреден | без рестрикции | заемане за дома | 94068 | Регионална библиотека "Любен Каравелов" Русе | Регионална библиотека "Любен Каравелов" Русе | Заемна - подръчен фонд | 1977-01-01 | Заемна - подръчен фонд | 0.44 | 245090 | П 886.7/К 82 | 245090 | 5 | 0.22 | Дост: Pk Вид: Ф N: стар фонд Дата: 01.01.1977 | Книги |
| Не е изгубен | Universal Decimal Classification | Не е повреден | само за читалня | ползва се в читалня | 94069 | Регионална библиотека "Любен Каравелов" Русе | Регионална библиотека "Любен Каравелов" Русе | Хранилище | 1977-01-01 | Хранилище | 0.44 | 244914 | Цб 88988 | 120000244914 | 6 | 0.22 | Дост: Dp Вид: Д N: стар фонд Дата: 01.01.1977 | Книги |